| 000 | 00539nam a22001937a 4500 | ||
|---|---|---|---|
| 999 |
_c7255 _d7255 |
||
| 003 | OSt | ||
| 005 | 20210921130131.0 | ||
| 008 | 210921b ||||| |||| 00| 0 eng d | ||
| 020 | _a0748740449 | ||
| 040 | _cDDC | ||
| 082 | _a620DUN1994 | ||
| 100 |
_aDunlop J.; Smith D.G. _914896 |
||
| 245 |
_aTelecomunications Engineering _cEdited by Dunlop J. and Smith D.G. |
||
| 260 |
_aFlorida _bCRC PRESS _c1994 |
||
| 300 |
_axxii,593p; _bill; _c25cm |
||
| 504 | _aIncludes; references and index. | ||
| 650 |
_aPhysics _9809 |
||
| 942 |
_2ddc _cO_SHELF |
||